| 000 | 00675nam a22002177a 4500 | ||
|---|---|---|---|
| 999 |
_c1727 _d1727 |
||
| 001 | 20742 | ||
| 003 | BD-DhUAP | ||
| 005 | 20200212164019.0 | ||
| 008 | 200212s2016 ii ||||| |||| 00| 0 eng d | ||
| 040 |
_aBD-DhUAP _bEng _cBD-DhUAP _dBD-DhUAP |
||
| 082 |
_223 _a345.54002632 RAN |
||
| 100 | _aRanchhoddas, Ratanlal. | ||
| 245 |
_aRatanlal & Dhirajlal's the Indian Penal Code / _cRatanlal Ranchhoddas and Dhirajlal Keshavlal Thakore. |
||
| 250 | _a33th ed. | ||
| 260 |
_aHaryana : _bLexis Nexis, _cc2016. |
||
| 300 |
_acdxxii, 3497 pages ; _c25 cm. |
||
| 500 | _aInclude index. | ||
| 650 |
_aCriminal law _z India. |
||
| 700 | _aThakore, Dhirajlal Keshavlal. | ||
| 942 |
_2ddc _cBK |
||